A patulin előfordulása és hatástalanítása az élelmiszerekben I.

Die Aufmerksamkeit wird auf Patulin, ein der gefährlichsten Mykotoxine gelenkt. Es wird eine Zusammenfassung der Literatur über die Analytik dieses Toxins — m it besonderer Rücksicht auf die Dünnschichtchromatographie — gegeben. Die Umstände der Bildung des Toxins in Lebensmitteln und ihre Stabilitä...

Teljes leírás

Elmentve itt :
Bibliográfiai részletek
Szerzők: Farkas Józsefné
Schreiner Ernőné
Dokumentumtípus: Cikk
Megjelent: Lapkiadó Vállalat Budapest 1977
Sorozat:Élelmiszervizsgálati közlemények 23 No. 1-2
Kulcsszavak:Élelmiszervizsgálat - analitikai kémia - módszer, Élelmiszerkémia - módszer
Tárgyszavak:
Online Access:http://acta.bibl.u-szeged.hu/80709
LEADER 02037nab a2200265 i 4500
001 acta80709
005 20230826105703.0
008 230825s1977 hu o 0|| hun d
040 |a SZTE Egyetemi Kiadványok Repozitórium  |b hun 
041 |a hun 
041 |a eng 
041 |a ger 
041 |a rus 
100 1 |a Farkas Józsefné 
245 1 2 |a A patulin előfordulása és hatástalanítása az élelmiszerekben I.  |h [elektronikus dokumentum] /  |c  Farkas Józsefné 
260 |a Lapkiadó Vállalat  |b Budapest  |c 1977 
300 |a 26-30 
490 0 |a Élelmiszervizsgálati közlemények  |v 23 No. 1-2 
520 3 |a Die Aufmerksamkeit wird auf Patulin, ein der gefährlichsten Mykotoxine gelenkt. Es wird eine Zusammenfassung der Literatur über die Analytik dieses Toxins — m it besonderer Rücksicht auf die Dünnschichtchromatographie — gegeben. Die Umstände der Bildung des Toxins in Lebensmitteln und ihre Stabilität werden besprochen. Schliesslich beschäftigen sich die Verfasser m it den bisherigen Forschungen über die Inaktivierung des Patulins. Ihre diesbezügliche eigene Forschungsergebnisse werden im zweiten Teil der Abhandlung veröffentlicht. Attention is called to patulin, one of the most dangerous mycotoxins. A survey is given on the literature of the analysis of patulin with particular respect to thin layer chromatography. The conditions of the formation of patulin in foods and its stability wre discussed. Lastly, researches concerning the deactivation of patulin carried out up to the present are dealt with. The results of own results in this field will be described in part II of the paper. 
650 4 |a Műszaki és technológiai tudományok 
650 4 |a Egyéb műszaki tudományok és technológiák 
650 4 |a Élelmiszer és italfélék 
695 |a Élelmiszervizsgálat - analitikai kémia - módszer, Élelmiszerkémia - módszer 
700 0 1 |a Schreiner Ernőné  |e aut 
856 4 0 |u http://acta.bibl.u-szeged.hu/80709/1/elelmiszervizsgalati_kozlemenyek_1977_01-02_26-30.pdf  |z Dokumentum-elérés